000 06511cam a22019094i 4500
003 PE-LiUPU
005 20250813165727.0
008 150622s2010 mx a rb 000 0 spa d
020 _z9786070500404
035 _a(Sirsi) i9786070500404
040 _aCO-BoBLA
_bspa
_cCO-BoBLA
_dPE-LiUPU
_erda
049 _aPRUA
082 0 4 _a615.851
_bB71
_220
100 1 _aBolaños, María Cristina H.,
_eautor.
245 1 0 _aActividades para el cuidado de la salud con adultos mayores :
_bdesde la perspectiva de terapia ocupacional /
_cCristina H. bolaños y Catalina E. Sánchez Galicia.
250 _aPrimera edición.
264 1 _aMéxico :
_bInstituto de Terapia Ocupacional, Limusa,
_c[2010].
300 _a284 páginas :
_bilustraciones :
_c24 cm
336 _atext
_2rdacontent
337 _aunmediated
_2rdamedia
338 _avolume
_2rdacarrier
504 _aBibliografía : páginas 279-284.
505 0 _aSituación del adulto mayor -- Necesidades del adulto mayor -- Nuevos retos, nuevas oportunidades -- Creando alternativas -- Creando un balance -- Rutinas en la vida del adulto mayor -- Organización del tiempo -- Tomando decisiones -- Comunicación asertiva -- Manteniendo la flexibilidad y la movilidad -- Principios básicos de los programas de movimiento -- Enfoques que se pueden incorporar en los programas de movimiento -- Educación del movimiento feldenkrais -- Psicomotricidad -- Música -- Baile -- Expresión corporal -- Simplificando las tareas -- Adaptando las ocupaciones -- Cuidado y acompañamiento del amigo -- Los medicamentos y el anciano -- Organización del programa de actividades -- La perspectiva ocupacional como integradora del programa de actividades -- Objetivos del programa de actividades -- Organización del programa -- Actividades de cuidado y desarrollo personal -- Actividades de creatividad -- Actividades de esparcimiento y recreación -- Consideraciones importantes al integrar un programa de actividades institucional -- Líder de grupo -- Adaptar al interés de la persona/grupo -- Número de voluntarios o colaboradores -- Número de participantes -- Organización de los participantes -- Características de los participantes -- Tiempo de la actividad programada -- Espacio seleccionado para realizar la actividad -- Organización del material y mobiliario de acuerdo con la actividad programada -- Capacitación para implementar el programa de actividades -- Catálogo de actividades.
526 _aP203
526 _aP200
526 _aSEG65
526 _aSEG64
526 _aSEG63
526 _aSEG62
526 _aSEG61
526 _aSEG60
526 _aSEG59
526 _aSEG58
526 _aSEG57
526 _aSEG56
526 _aSEG55
526 _aSEG54
526 _aSEG53
526 _aSEG52
526 _aSEG51
526 _aSEG50
526 _aSEG49
526 _aSEG48
526 _aSEG47
526 _aSEG46
526 _aSEG24
526 _aSEG23
526 _aSEG22
526 _aSEG21
526 _aSEG20
526 _aSEG19
526 _aSEG18
526 _aSEG17
526 _aSEG16
526 _aSEG14
526 _aSEG13
526 _aSEG12
526 _aSEG11
526 _aSEG10
526 _aSEG09
526 _aSEG06
526 _aSEG05
526 _aSEG04
526 _aSEG03
526 _aSEG02
526 _aSEG68
526 _aSEG66
526 _aSEG45
526 _aSEG25
526 _aSEG01
526 _aP163
526 _aP162
526 _aP161
526 _aP160
526 _aP159
526 _aP158
526 _aP157
526 _aP156
526 _aP155
526 _aP154
526 _aP153
526 _aP152
526 _aP151
526 _aP150
526 _aP149
526 _aP142
526 _aP141
526 _aP140
526 _aP139
526 _aP138
526 _aP137
526 _aP132
526 _aP131
526 _aP130
526 _aP126
526 _aP125
526 _aP124
526 _aP123
526 _aP115
526 _aP122
526 _aP121
526 _aP116
526 _a P114
526 _aP112
526 _aP111
526 _aP104
526 _aP103
526 _aP102
526 _aP101
526 _aP100
526 _aP96
526 _aP95
526 _aP93
526 _aP92
526 _aP91
526 _aP88
526 _aP83
526 _aP82
526 _aP79
526 _aP78
526 _aP75
526 _aP74
526 _aP71
526 _aP69
526 _a P51
526 _aP49
526 _aP48
526 _aP47
526 _aP33
526 _aP31
526 _a P30
526 _aP29
526 _aP27
526 _aP26
526 _aP25
526 _aP24
526 _a P22
526 _aP10
526 _aP09
526 _a P08
526 _aP06
526 _aP05
526 _aP04
526 _aP01
541 _g001-0022659;
514 _aLictun;
_cCompra;
_fEnfermería;
_g001-003033;
_h33.03;
_d20151130;
_e72209.
650 1 4 _aTerapia ocupacional para adultos mayores
_vManuales, guías, etc.
650 2 4 _aAncianos
_xEjercicio físico.
650 2 4 _aVejez
_xAspectos fisiológicos.
700 1 _aSánchez Galicia, Catalina E.,
_eautor.
910 _aaas
_bjck
_caas
_d20150622
942 _2ddc
_cBOOK
949 _a615.851 B71
_wDEWEY
_c1
_i71229
_lCCODEBUL1
_mBUL
_p34.73
_r0
_sY
_tBOOK
_u2015-6-22
_xSALUD
_PP30
_0COMPRA
_o.STAFF. Colección General
949 _a615.851 B71
_wDEWEY
_c2
_i71230
_lCCODEBUL1
_mBUL
_p34.73
_r0
_sY
_tBOOK
_u2015-6-22
_xSALUD
_PP30
_0COMPRA
_o.STAFF. Colección General
994 _aC0
_bPEPRU
596 _a1
999 _a615.851 B71
_wDEWEY
_c48946
_i71229
_f2021-11-4
_g5
_lCCODEBUL1
_mBUL
_p34.73
_r0
_sY
_tBOOK
_u2015-6-22
_xSALUD
_PP30
_0COMPRA
_o.STAFF. Colección General
_d48946
999 _a615.851 B71
_wDEWEY
_c2
_i71230
_d2015-11-30
_e2015-11-30
_f2021-11-4
_g5
_lCCODEBUL1
_mBUL
_n1
_p34.73
_r0
_sY
_tBOOK
_u2015-6-22
_xSALUD
_PP30
_0COMPRA
_o.STAFF. Colección Ciencias de la Salud
999 _a615.851 B71
_wDEWEY
_c3
_i72209
_lLOST
_mBUL
_p33.03
_r1
_sN
_tBOOK
_u2015-11-30
_xSALUD
_PP22
_0COMPRA
_o.STAFF. Colección General
999 _a615.851 B71
_wDEWEY
_c4
_i74493
_f2021-11-4
_g4
_lCCODEBUL1
_mBUL
_r0
_sY
_tBOOK
_u2016-9-21
_xSALUD
_zUNKNOWN
_0COMPRA
_o.STAFF. Colección FSALUD
980 _81
_gALBERTO SANCHEZ Responsable de Automatización